[Event "NZL-ch rapid op"]
[Site "Auckland"]
[Date "2019.01.23"]
[Round "2"]
[White "Ker, Anthony F"]
[Black "Chan, Jacob Joseph"]
[Result "1-0"]
[WhiteElo "2301"]
[BlackElo "1726"]
[PlyCount "69"]
[EventDate "2019.01.23"]
[EventType "swiss (rapid)"]
[EventRounds "9"]
[EventCountry "NZL"]
[SourceTitle "CBM 189 Extra"]
[Source "ChessBase"]
[SourceDate "2019.06.03"]
[SourceVersion "1"]
[SourceVersionDate "2019.06.03"]
[SourceQuality "1"]

1. e4 c6 2. c4 d5 3. cxd5 cxd5 4. exd5 Nf6 5. Nc3 Nxd5 6. Nf3 Nc6 7. Bb5 e6 8. 0-0 Bc5 9. d4 Bb6 10. Bg5 Qd6 11. Ne4 Qc7 12. Rc1 0-0 13. Ne5 Bd7 14. Nc5 Be8 15. Nxb7 Qxb7 16. Bxc6 Bxc6 17. Nxc6 Rfc8 18. Qa4 Rc7 19. Rc2 Rac8 20. Rfc1 h6 21. Bh4 Kh8 22. Bg3 Rd7 23. h3 Bd8 24. Ne5 Rxc2 25. Rxc2 Nb6 26. Qb5 Rxd4 27. Qe8+ Kh7 28. Nxf7 Bf6 29. Qh8+ Kg6 30. Ne5+ Bxe5 31. Bxe5 Rd7 32. Rc3 Kf5 33. Bg3 Rd1+ 34. Kh2 Kg6 35. Rc7 1-0

[Event "NZL-ch op 126th"]
[Site "Auckland"]
[Date "2019.01.16"]
[Round "3"]
[White "Chan, Jacob Joseph"]
[Black "Norris, Damian C"]
[Result "0-1"]
[WhiteElo "1782"]
[BlackElo "1878"]
[PlyCount "68"]
[EventDate "2019.01.14"]
[EventType "swiss"]
[EventRounds "9"]
[EventCountry "NZL"]
[SourceTitle "CBM 188 Extra"]
[Source "ChessBase"]
[SourceDate "2019.02.26"]
[SourceVersion "1"]
[SourceVersionDate "2019.02.26"]
[SourceQuality "1"]

1. e4 c5 2. Nc3 e6 3. g3 Nc6 4. Bg2 a6 5. d3 Nf6 6. f4 d6 7. Nf3 Qc7 8. 0-0 b5 9. h3 Bb7 10. Be3 Be7 11. Qd2 0-0 12. g4 Nd7 13. f5 b4 14. Ne2 Nde5 15. Ng5 exf5 16. exf5 Bxg5 17. Bxg5 f6 18. Be3 Nd8 19. Nf4 Bxg2 20. Qxg2 Qc6 21. Rf2 Re8 22. Re1 Qxg2+ 23. Kxg2 Ndf7 24. Ne6 Rac8 25. Rd2 Nd8 26. Nf4 Kf7 27. Nd5 Ndc6 28. Bf2 a5 29. Re4 Ne7 30. Nxe7 Rxe7 31. Bg3 d5 32. Re1 Rce8 33. Rde2 Nc6 34. Kf3 Nd4+ 0-1

[Event "NZL-ch op 126th"]
[Site "Auckland"]
[Date "2019.01.15"]
[Round "2"]
[White "Renjith, Sravan"]
[Black "Chan, Jacob Joseph"]
[Result "1/2-1/2"]
[WhiteElo "1901"]
[BlackElo "1782"]
[PlyCount "113"]
[EventDate "2019.01.14"]
[EventType "swiss"]
[EventRounds "9"]
[EventCountry "NZL"]
[SourceTitle "CBM 188 Extra"]
[Source "ChessBase"]
[SourceDate "2019.02.26"]
[SourceVersion "1"]
[SourceVersionDate "2019.02.26"]
[SourceQuality "1"]

1. Nf3 d5 2. b3 Nf6 3. Bb2 c6 4. g3 Bf5 5. Bg2 Nbd7 6. 0-0 e6 7. d3 Be7 8. Nbd2 h6 9. e4 dxe4 10. dxe4 Bh7 11. Qe2 0-0 12. Rad1 Qc7 13. e5 Nd5 14. Ne4 Nc5 15. Ne1 Rfd8 16. Nd6 Bxd6 17. exd6 Qxd6 18. c4 Nc3 19. Bxc3 Qxd1 20. Qe5 f6 21. Qxc5 Bf5 22. Qe3 Qb1 23. Nf3 Qxa2 24. Nd4 Qa3 25. Nxf5 exf5 26. Qe6+ Kf8 27. Rb1 f4 28. gxf4 Qc5 29. Qe3 Qd6 30. Rc1 Rd7 31. Qg3 Re8 32. Bf3 Qa3 33. Rf1 Qxb3 34. Bh5 Red8 35. Re1 Qxc4 36. Qg6 Qf7 37. Bb4+ Kg8 38. Qxf7+ Rxf7 39. Bxf7+ Kxf7 40. Re7+ Kg6 41. Rxb7 Rd1+ 42. Kg2 Rb1 43. f5+ Kxf5 44. Rxg7 Rxb4 45. Rxa7 c5 46. Ra5 Rc4 47. Kf3 Rc3+ 48. Ke2 Ke4 49. Kd2 Kd4 50. Ra6 Rh3 51. Rxf6 Rxh2 52. Rf4+ Ke5 53. Rc4 Kd5 54. Rf4 Ke5 55. Rc4 Kd5 56. Rf4 Rh3 57. f3 1/2-1/2

[Event "Oceania-ch U20"]
[Site "Auckland"]
[Date "2019.01.09"]
[Round "4"]
[White "Chan, Jacob Joseph"]
[Black "Parle, Hughston"]
[Result "0-1"]
[WhiteElo "1782"]
[BlackElo "2072"]
[PlyCount "66"]
[EventDate "2019.01.08"]
[EventType "swiss"]
[EventRounds "9"]
[EventCountry "NZL"]
[SourceTitle "EXT 2020"]
[Source "ChessBase"]
[SourceDate "2019.10.17"]
[SourceVersion "1"]
[SourceVersionDate "2019.10.17"]
[SourceQuality "1"]

1. e4 c5 2. Nf3 d6 3. Bb5+ Nd7 4. c4 Ngf6 5. Nc3 e6 6. 0-0 a6 7. Ba4 Be7 8. d4 cxd4 9. Nxd4 0-0 10. Bc2 Qc7 11. b3 b5 12. Bd3 Bb7 13. f3 Ne5 14. Qe2 Rac8 15. Ncxb5 axb5 16. Nxb5 Qd7 17. Bb2 Nxd3 18. Qxd3 d5 19. Rfd1 Rfd8 20. cxd5 Ba6 21. a4 exd5 22. e5 Ne8 23. Kh1 Nc7 24. Qd4 Bxb5 25. axb5 Qxb5 26. f4 Ne6 27. Qe3 Rc2 28. Rab1 d4 29. Qg3 Qb7 30. Rf1 Nc5 31. f5 Bh4 32. Qg4 Qe4 33. Qh3 Nd3 0-1

[Event "Oceania-ch U20"]
[Site "Auckland"]
[Date "2019.01.08"]
[Round "1"]
[White "Gong, Daniel Hanwen"]
[Black "Chan, Jacob Joseph"]
[Result "1-0"]
[WhiteElo "2247"]
[BlackElo "1782"]
[PlyCount "87"]
[EventDate "2019.01.08"]
[EventType "swiss"]
[EventRounds "9"]
[EventCountry "NZL"]
[SourceTitle "EXT 2020"]
[Source "ChessBase"]
[SourceDate "2019.10.17"]
[SourceVersion "1"]
[SourceVersionDate "2019.10.17"]
[SourceQuality "1"]

1. d4 d5 2. Bf4 Nf6 3. e3 c5 4. Nf3 Nc6 5. Nbd2 e6 6. c3 Be7 7. h3 0-0 8. Bd3 b6 9. Qe2 Bb7 10. Rd1 Rc8 11. 0-0 Re8 12. Bh2 Bf8 13. e4 dxe4 14. Nxe4 cxd4 15. cxd4 Nb4 16. Nxf6+ Qxf6 17. Ne5 Nxd3 18. Qxd3 Red8 19. a3 Bd6 20. Qe2 Bb8 21. Bg3 Qf5 22. Rc1 Rxc1 23. Rxc1 Rxd4 24. Nc6 Bxc6 25. Bxb8 Qd5 26. Qf3 Qd8 27. Qg3 Rd1+ 28. Rxd1 Qxd1+ 29. Kh2 Qd7 30. Be5 f5 31. Bc3 Bd5 32. Qb8+ Kf7 33. Qh8 Kg6 34. h4 h6 35. h5+ Kxh5 36. Bxg7 Qc7+ 37. Be5 Qf7 38. Bf4 Qg6 39. f3 a6 40. Qf8 Qh7 41. Qf6 Qg6 42. g4+ fxg4 43. fxg4+ Qxg4 44. Qxh6# 1-0